|
|
|
|
| LEADER |
01102nam a2200325 a 4500 |
| 001 |
000005327 |
| 003 |
CZ BrMZK |
| 005 |
20171031192458.0 |
| 007 |
ta |
| 008 |
940510s1993 xo f 000 m cze d |
| 020 |
|
|
|a 80-85186-47-0
|c 179.00
|
| 040 |
|
|
|a BOA001
|b cze
|
| 080 |
|
|
|a 176(084)
|2 MRF
|
| 080 |
|
|
|a 392.61(084)
|2 MRF
|
| 080 |
|
|
|a 613.88(084)
|2 MRF
|
| 100 |
1 |
|
|a Stoppard, Miriam,
|d 1937-
|7 jn20001103541
|
| 245 |
1 |
0 |
|a Kouzlo a magie sexu /
|c Miriam Stoppardová
|
| 260 |
|
|
|a Martin :
|b Neografia,
|c 1993
|
| 300 |
|
|
|a 255 s. :
|b obr.
|
| 653 |
0 |
|
|a sexualita
|
| 765 |
0 |
|
|t <<The >>Magic of Sex
|
| 856 |
4 |
1 |
|u http://www.digitalniknihovna.cz/mzk/uuid/uuid:9e950460-15ef-11e3-bc65-005056827e51
|y Digitalizovaný dokument
|x NDK
|
| 910 |
|
|
|a BOA001
|b Z-0998.812
|
| 962 |
|
|
|a 613.8
|
| 962 |
|
|
|a 176
|
| 962 |
|
|
|a 392
|
| 964 |
|
|
|a Sexualita - přehledy - průvodci
|
| 990 |
|
|
|a BK
|
| 996 |
6 |
|
|b 2610008530
|c Z-0998.812
|l MZK
|r Sklad / do 24 hodin
|n 2
|p kup
|w 000005327
|u 000010
|a 1
|e BOA001
|j MZK50
|s P
|
| 996 |
6 |
|
|b 2610447376
|c Z-0998.812
|l MZK
|r Sklad / do 24 hodin
|n 1
|p dar
|w 000005327
|u 000020
|a 1
|e BOA001
|j MZK50
|s P
|